000 00647nam a22002057a 4500
999 _c13349
_d13349
003 AR-CdUCM
008 190415b ||||| |||| 00| 0 spa d
040 _aMUNICIPALIDAD PROVINCIAL DEL CUSCO
_cBIBLIOTECA MUNICIPAL DEL CUSCO
082 _a923.1 /
_bM14
100 _aMachaca, Pedro Chambi
_931721
245 _aEncinas :
_bMaestro, progresista y hombre de izquierda /
260 _aSicuani :
_bImpr. Prelatura de Sicuani,
_c1980.
300 _a294 paginas ;
_c21 cm.
505 _aContenido :Encinas /
650 _aEducadores
_91065
650 _aPerĂș
_935
650 _aBiografĂ­a
_922
942 _2ddc
_cLIBROS
945 _arjall
_d2019-04-15